Catálogo
 En Linea
Vista normal Vista MARC

Entrada Nombre personal

Número de registros utilizados en: 11

001 - NÚMERO DE CONTROL

  • campo de control: 3212

003 - IDENTIFICADOR DEL NÚMERO DE CONTROL

  • campo de control: BNPHU

005 - FECHA Y HORA DE LA ÚLTIMA TRANSACCIÓN

  • campo de control: 20241017090756.0

008 - DATOS DE LONGITUD FIJA

  • campo de control de longitud fija: 200615|| aca||aabn | a|a d

010 ## - NÚMERO DE CONTROL DE LA BIBLIOTECA DEL CONGRESO

  • Número de control de LC: nr 99018559

040 ## - FUENTE DE LA CATALOGACIÓN

  • Centro catalogador/agencia de origen: DO-SdBNP
  • Lengua de catalogación: spa
  • Centro/agencia transcriptor: BNPHU
  • Normas de descripción: rda

100 1# - ENCABEZAMIENTO-NOMBRE DE PERSONA

  • Nombre de persona: Estévez Aristy, Justiniano,
  • Fechas asociadas al nombre: 1962-

370 ## - LUGAR ASOCIADO

  • Lugar de nacimiento: San Rafael del Yuma, (La Altagracia)

374 ## - OCUPACIÓN

  • Ocupación: Abogado
  • Ocupación: Escritor
  • Ocupación: Locutor
  • Ocupación: Comunicador

375 ## - GÉNERO/SEXO

  • Género/Sexo: Masculino

377 ## - LENGUA/LENGUAJE ASOCIADO

  • Código del idioma: spa

400 1# - TRAZADO DE VÉASE--NOMBRE DE PERSONA

  • Nombre de persona: Aristy, Justiniano Estévez

400 1# - TRAZADO DE VÉASE--NOMBRE DE PERSONA

  • Nombre de persona: Estévez, Justiniano

670 ## - FUENTE DE DATOS ENCONTRADOS

  • Cita de la fuente: Work cat.: (OSt)898: Estévez Aristy, Justiniano, 1962-, Cuando los perros se amarraban con longanizas /, 2007.

670 ## - FUENTE DE DATOS ENCONTRADOS

  • Cita de la fuente: Este pueblo arderá a las seis, 1995:
  • Información encontrada: portada. (Justiniano Estévez Aristy) p. 103 (poeta dominicano )

670 ## - FUENTE DE DATOS ENCONTRADOS

  • Cita de la fuente: Estévez Aristy, Justiniano. Barbojos y bagazos. Santo Domingo: Santuario,2a. ed. 2019
  • Información encontrada: solapa de la cubierta :nasce en San Rafael del Yuma, Provincia La Altagracia, 1/11/1962. Abogado, escritor , locutor y comunicador.

Con tecnología Koha